| 000 | 00679nam a2200217Ia 4500 | ||
|---|---|---|---|
| 008 | 160319s9999 xx 000 0 und d | ||
| 245 | _aWhat a world we share! / | ||
| 245 | _cHIT Entertainment. Steven Feldman; Jim Rowley; Ben Vaughn; Perri Verdino-Gates; Bob Singleton; | ||
| 260 | _bViva Video Inc. | ||
| 260 | _c2004 | ||
| 300 | _a1 video disc : | ||
| 300 | _bsound, colored ; | ||
| 300 | _c4 3/4 in. | ||
| 650 | _aBarney (Fictitious character) | ||
| 650 | _aBarney (Fictitious character) -- | ||
| 650 | _aChildren's songs. | ||
| 650 | _aManners and customs -- | ||
| 650 | _aManners and customs. | ||
| 650 | _xJuvenile films. | ||
| 650 | _xSongs and music. | ||
| 999 |
_c292690 _d292690 |
||